000 01616cam a22003734a 4500
001 2157541
003 OSt
005 20141119140922.0
008 990326s2000 nyua b 001 0 eng
010 _a 99026119
020 _a0312225776 (cloth)
020 _a0333678990 (Macmillan Press)
040 _aDLC
_cDLC
_dDLC
042 _apcc
043 _aaw-----
_aff-----
050 0 0 _aHC415.15
_b.E247 2000
082 0 0 _a337
_221
_bECO 2000
245 0 0 _aEconomic and political impediments to Middle East peace :
_bcritical questions and alternative scenarios /
_cedited by J.W. Wright, Jr. and Laura Drake ; foreword by Queen Noor of Jordan.
260 _aNew York :
_bSt. Martin's Press,
_c2000.
300 _axxiv, 253 p. :
_bill. ;
_c23 cm.
440 0 _aInternational political economy series
_9970
504 _aIncludes bibliographical references and index.
650 0 _aArab-Israeli conflict
_y1993-
_xPeace.
_9995
651 0 _aMiddle East
_xEconomic conditions
_y1979-
_9996
651 0 _aAfrica, North
_xEconomic conditions.
_9997
700 1 _aWright, J. W.
_q(Jerry W.)
_9998
700 1 _aDrake, Laura.
_9999
856 4 2 _3Contributor biographical information
_uhttp://www.loc.gov/catdir/bios/hol057/99026119.html
856 4 2 _3Publisher description
_uhttp://www.loc.gov/catdir/description/hol056/99026119.html
856 4 1 _3Table of contents
_uhttp://www.loc.gov/catdir/toc/hol053/99026119.html
906 _a7
_bcbc
_corignew
_d1
_eocip
_f19
_gy-gencatlg
942 _2ddc
_cSLOAN
999 _c770
_d770